|
|
|
|
| LEADER |
00691nab a2200193 i 4500 |
| 001 |
acta23728 |
| 005 |
20210601160057.0 |
| 008 |
161017s1969 hu o 0|| eng d |
| 022 |
|
|
|a 0001-6721
|
| 040 |
|
|
|a SZTE Egyetemi Kiadványok Repozitórium
|b hun
|
| 041 |
|
|
|a eng
|
| 100 |
1 |
|
|a Pénzes I.
|
| 245 |
1 |
0 |
|a Simultaneous determination of peroxysulphuric and cerium (IV) ions
|h [elektronikus dokumentum] /
|c Pénzes I.
|
| 260 |
|
|
|c 1969
|
| 300 |
|
|
|a 51-54
|
| 490 |
0 |
|
|a Acta physica et chemica
|v 15 No. 1-2
|
| 695 |
|
|
|a Természettudomány, Kémia, Fizika
|
| 700 |
0 |
1 |
|a Csányi László J.
|e aut
|
| 856 |
4 |
0 |
|u http://acta.bibl.u-szeged.hu/23728/1/phys_chem_015_fasc_001_002_051-054.pdf
|z Dokumentum-elérés
|